Reading for applied linguistics
Guardat en:
| Autor principal: | |
|---|---|
| Format: | Llibre |
| Idioma: | Undetermined |
| Publicat: |
Londres, Inglaterra
Oxford University
1975
|
| Edició: | 2 |
| Matèries: | |
| Etiquetes: |
Afegir etiqueta
Sense etiquetes, Sigues el primer a etiquetar aquest registre!
|
MARC
| LEADER | 00000nam a2200000Ia 4500 | ||
|---|---|---|---|
| 008 | 170316s9999 xx 000 0 und d | ||
| 090 | |a 410 A-8re | ||
| 100 | |a Allen, J.P.B. and Corder, S. Pit | ||
| 245 | |a Reading for applied linguistics | ||
| 250 | |a 2 | ||
| 260 | |a Londres, Inglaterra | ||
| 260 | |b Oxford University | ||
| 260 | |c 1975 | ||
| 300 | |a 284 páginas | ||
| 650 | |a LINGÜÍSTICA | ||
| 999 | |c 18217 |d 18217 | ||
| 040 | |a cru BVZT | ||
| 942 | |c 15 D |h 410 A-8re |2 z | ||
